<?xml version='1.0' encoding='UTF-8'?>
  <record xmlns="http://www.loc.gov/MARC21/slim">
    <leader>00000ctm a2200000 i 4500</leader>
    <controlfield tag="001">on1082518634</controlfield>
    <controlfield tag="003">OCoLC</controlfield>
    <controlfield tag="005">20220523103200.0</controlfield>
    <controlfield tag="008">190117q13001414xx            000 0 heb d</controlfield>
    <datafield tag="040" ind1=" " ind2=" ">
      <subfield code="a">QGJ</subfield>
      <subfield code="b">eng</subfield>
      <subfield code="e">rda</subfield>
      <subfield code="e">dcrmmss</subfield>
      <subfield code="c">QGJ</subfield>
      <subfield code="d">OCLCQ</subfield>
      <subfield code="d">OCLCO</subfield>
    </datafield>
    <datafield tag="035" ind1=" " ind2=" ">
      <subfield code="a">(OCoLC)1082518634</subfield>
    </datafield>
    <datafield tag="130" ind1="0" ind2=" ">
      <subfield code="a">Haftarot.</subfield>
      <subfield code="l">Hebrew.</subfield>
      <subfield code="s">Universiteitsbibliotheek Utrecht.</subfield>
      <subfield code="k">Manuscript.</subfield>
      <subfield code="n">Hs. fr. 5.27 A-C.</subfield>
    </datafield>
    <datafield tag="245" ind1="0" ind2="0">
      <subfield code="a">Haftarot :</subfield>
      <subfield code="k">manuscript waste,</subfield>
      <subfield code="f">UBU Hs. fr. 5.27 A-C.</subfield>
    </datafield>
    <datafield tag="264" ind1=" " ind2="0">
      <subfield code="a">[Place of production not identified],</subfield>
      <subfield code="c">[between 1300-1414].</subfield>
    </datafield>
    <datafield tag="300" ind1=" " ind2=" ">
      <subfield code="a">1 portfolio (4 sheets) ;</subfield>
      <subfield code="c">38 x 28 cm</subfield>
    </datafield>
    <datafield tag="336" ind1=" " ind2=" ">
      <subfield code="a">text</subfield>
      <subfield code="b">txt</subfield>
      <subfield code="2">rdacontent</subfield>
    </datafield>
    <datafield tag="337" ind1=" " ind2=" ">
      <subfield code="a">unmediated</subfield>
      <subfield code="b">n</subfield>
      <subfield code="2">rdamedia</subfield>
    </datafield>
    <datafield tag="338" ind1=" " ind2=" ">
      <subfield code="a">sheet</subfield>
      <subfield code="b">nc</subfield>
      <subfield code="2">rdacarrier</subfield>
    </datafield>
    <datafield tag="340" ind1=" " ind2=" ">
      <subfield code="m">parchment</subfield>
      <subfield code="2">rdamat</subfield>
    </datafield>
    <datafield tag="500" ind1=" " ind2=" ">
      <subfield code="a">Sheet A: 290 x 252 mm, 2 columns, cut at the top. Side a contains a mirror print of Sheet B/side a. Side b is marked with a pencil on the top-right corner in modern handwriting "KI", the left side has a crease, along which are copper-oxidized holes. The right side has two square shapes of these holes with copper-oxidation. Side balso has glue residues, and its left side has residues of puncture marks. The bottom-right corner of side b has a sewn corner. On side b the word 'et' appears left to text in a different, cursive script, to complement its omission. Probably contains a Haftarah for Bahar-Bechukotai</subfield>
    </datafield>
    <datafield tag="500" ind1=" " ind2=" ">
      <subfield code="a">Sheet B: 295 x 228 mm, 1 column (240 x 160 mm), both sides have glosses. The top-right corner of side a is marked "KII" with pencil in modern handwriting, and in a medieval handwriting a psalm in Latin was added: "Domum tuam decet sanctitudo" [Psalm 92, v.5]. The left side of side a has a crease along which are copper-oxidized holes. The right side has two square shapes of copper-oxidized holes. There is also visible lineation. The main part of the column on side a is an haftarah for Shabbat hol-hamoed Pessach. The bottom line is the beginning of haftarah for the Seventh day of Pessach. Side b contains haftarah for the Second day of Pessach</subfield>
    </datafield>
    <datafield tag="500" ind1=" " ind2=" ">
      <subfield code="a">Sheet C: 292 x 260 mm, 2 columns. The lower margin of side a is marked "SI" with a pencil in modern handwriting. Its right side has a crease, along which are copper-oxidized holes. The left side has two times two copper-oxidized holes next to each other. The right side of side a has puncture holes and glue residues. Side b is marked "488" in ink on the bottom-right corner, in modern handwriting. Side b has mirror print of another Hebrew manuscript which contains passages from Zechariah 14. On side b, left to column, the word "ach" appears in a cursive vocalized script to complement its omission in the text. The text on both sides is a morning haftarah for the 9th day of Av</subfield>
    </datafield>
    <datafield tag="500" ind1=" " ind2=" ">
      <subfield code="a">Sheet D: 285 x 21 mm, paper, blank, has a watermark of a lily (resembling Piccard XII, Abteilung I, pp. 68-69, fig. 244, 246 - ca. 1650-1700).</subfield>
    </datafield>
    <datafield tag="500" ind1=" " ind2=" ">
      <subfield code="a">Manuscript waste removed from manuscript Hs. 822 (Hs 4 C 10)</subfield>
    </datafield>
    <datafield tag="500" ind1=" " ind2=" ">
      <subfield code="a">Portfolio contains also: Description of the manuscript waste (1 sheet), in typoscript, signed by Lucie Gimbrère; photocopies of sheet A-C (6 sheets) with handwritten notes by Lucie Grimbrère.</subfield>
    </datafield>
    <datafield tag="505" ind1="0" ind2=" ">
      <subfield code="a">[K-I]. Sheet A, side a, right column: Jeremiah 15:18 [last 4 words]-16:3 [last word missing]; left column: Jeremiah 16:4 [starting from 3rd word]-9 [only first 4 words] -- Sheet A, side b: Jeremiah, 16:9 [starting from 8th word]-18 [until 4th word] -- [K-II]. Sheet B, side a, page top: Ezekiel 37:1-14 ; page bottom: Samuel 2 22:1 [first 5 words only] -- Sheet B, side b: Second Kings 23:2 [starting from 3rd word]-6, 7-9 [on side of main text], 21-25 -- [S-I]. Sheet C, side a: Jeremiah 8:5 [4 last words only]-17 [first word only] -- Sheet C, side b: Jeremiah 8:17 [starting from 2nd word]-9:8. -- Sheet D: blank paper with a lily watermark.</subfield>
    </datafield>
    <datafield tag="524" ind1=" " ind2=" ">
      <subfield code="a">Cite as: Universiteitsbibliotheek Utrecht Hs. fr. 5.27 A-C.</subfield>
    </datafield>
    <datafield tag="545" ind1=" " ind2=" ">
      <subfield code="a">Lucie Gimbrère is a nun in Benedictine monastery Onze-Lieve-Vrouweabdij van Oosterhout, and a book restorator.</subfield>
    </datafield>
    <datafield tag="546" ind1=" " ind2=" ">
      <subfield code="a">Vocalized Hebrew</subfield>
    </datafield>
    <datafield tag="581" ind1=" " ind2=" ">
      <subfield code="a">Bart Jaski, Marco Mostert en Kaj van Vliet (red.). Perkament in stukken : teruggevonden middeleeuwse handschriftfragmenten. Hilversum, 2018, 25 (illustration), 272 (note 6),</subfield>
    </datafield>
    <datafield tag="583" ind1=" " ind2=" ">
      <subfield code="a">restoration</subfield>
      <subfield code="k">Lucie Grimbrère</subfield>
    </datafield>
    <datafield tag="650" ind1=" " ind2="0">
      <subfield code="a">Manuscripts, Hebrew.</subfield>
    </datafield>
    <datafield tag="630" ind1="0" ind2="0">
      <subfield code="a">Haftarot.</subfield>
    </datafield>
    <datafield tag="650" ind1=" " ind2="6">
      <subfield code="a">Manuscrits hébraïques.</subfield>
    </datafield>
    <datafield tag="650" ind1=" " ind2="7">
      <subfield code="a">Manuscripts, Hebrew.</subfield>
      <subfield code="2">fast</subfield>
      <subfield code="0">(OCoLC)fst01008360</subfield>
    </datafield>
    <datafield tag="630" ind1="0" ind2="7">
      <subfield code="a">Haftarot.</subfield>
      <subfield code="2">fast</subfield>
      <subfield code="0">(OCoLC)fst01358225</subfield>
    </datafield>
    <datafield tag="710" ind1="2" ind2=" ">
      <subfield code="a">Universiteit Utrecht.</subfield>
      <subfield code="b">Bibliotheek.</subfield>
      <subfield code="k">Manuscript</subfield>
      <subfield code="n">(Hs. fr. 5.27 A-C.U)</subfield>
    </datafield>
  </record>